00282nam a2200097Ia 4500008004000000082001500040100001700055245006200072260003800134300001200172210210b2005 xxu||||| |||| 00| 0 eng d a070/19 UGC aAHUJA (B N). aTheory and practice of journalism: set to indian context. aN DbSurjeet Publications.c2005 axii,375